[Event "Le Kram BICA Rapid op 1st"]
[White "Safraoui, Salah"]
[Black "Bouaziz, Mehdi"]
[Site "Le Kram"]
[Round "3"]
[Result "0-1"]
[Date "2022.11.27"]
[WhiteElo "1692"]
[BlackElo "2197"]
[PlyCount "112"]
[EventDate "2022.11.27"]
[EventType "swiss (rapid)"]
[EventRounds "9"]
[EventCountry "TUN"]
[SourceTitle "CBM 211 Extra"]
[Source "ChessBase"]
[SourceDate "2023.01.31"]
[SourceVersion "1"]
[SourceVersionDate "2023.01.31"]
[SourceQuality "1"]

1. d4 Nf6 2. Bf4 c5 3. e3 g6 4. Bc4 cxd4 5. exd4 Bg7 6. Ne2 0-0 7. 0-0 d6 8. h3 Nc6 9. c3 Qb6 10. b4 Bd7 11. Nd2 Rac8 12. Bb3 e5 13. Nc4 Qc7 14. dxe5 dxe5 15. Bg5 Rcd8 16. Qe1 h6 17. Be3 Be6 18. Nd2 Bxb3 19. Nxb3 b6 20. Rc1 Nd5 21. Ng3 Nxe3 22. Qxe3 f5 23. Qe2 e4 24. Qc4+ Rf7 25. b5 Ne5 26. Qxc7 Rxc7 27. Nd4 Nd3 28. Ne6 Nxc1 29. Nxc7 Nxa2 30. Ne6 Rd2 31. Nxg7 Kxg7 32. c4 Kf6 33. Re1 Nc3 34. Re3 Rd3 35. Nf1 Rxe3 36. Nxe3 Ke5 37. Nc2 Kd6 38. g3 Kc5 39. Ne3 Na4 40. Kf1 Nb2 41. Nd5 Nxc4 42. Ne7 Ne5 43. f4 exf3 44. Kf2 Kxb5 45. g4 fxg4 46. hxg4 a5 47. Nd5 a4 48. Nc3+ Kb4 49. Nd5+ Kc5 50. Nc3 b5 51. Kg3 a3 52. Kf4 f2 53. Ne4+ Kd4 54. Nxf2 a2 55. g5 hxg5+ 56. Kxg5 a1Q 0-1